KÖSE Veli, Nekropolen und Grabdenkmäler von Sagalassos in Pisidien in hellenistischer und römischer Zeit (Studies in Mediterranean Archaeology, 7), Turnhout, Brepols, 2006, 1 vol. 21 × 29, XVIII + 353 p. dont 563 fig. h. t., 2 cartes h. t. (notice n° 1595924)

détails MARC
000 -LEADER
fixed length control field 01977cam a2200169 4500500
005 - DATE AND TIME OF LATEST TRANSACTION
control field 20251228073744.0
041 ## - LANGUAGE CODE
Language code of text/sound track or separate title fre
042 ## - AUTHENTICATION CODE
Authentication code dc
100 10 - MAIN ENTRY--PERSONAL NAME
Personal name Le Dinahet, Marie-Thérèse
Relator term author
245 00 - TITLE STATEMENT
Title KÖSE Veli, Nekropolen und Grabdenkmäler von Sagalassos in Pisidien in hellenistischer und römischer Zeit (Studies in Mediterranean Archaeology, 7), Turnhout, Brepols, 2006, 1 vol. 21 × 29, XVIII + 353 p. dont 563 fig. h. t., 2 cartes h. t.
260 ## - PUBLICATION, DISTRIBUTION, ETC.
Date of publication, distribution, etc. 2009.<br/>
500 ## - GENERAL NOTE
General note 100
520 ## - SUMMARY, ETC.
Summary, etc. The Cyclops of Euripides on a mouldmade bowl from Porsuk. Un bol à reliefs d’époque hellénistique (seconde moitié du IIe siècle av. J.-C.) trouvé à Porsuk, en Cappadoce méridionale, représente Ulysse offrant une coupe de vin à Polyphème, entouré de satyres. Il s’agit de l’illustration d’un épisode du seul drame satyrique entièrement conservé, Le Cyclope d’Euripide. Fabriqué dans les ateliers d’Antioche-sur-l’Oronte, ce bol littéraire, exceptionnel à plus d’un titre, révèle les contacts existants entre la Syrie du Nord et le plateau anatolien. Il montre aussi la survivance du drame athénien d’époque classique dans l’Orient grec.
520 ## - SUMMARY, ETC.
Summary, etc. A Hellenistic mouldmade relief bowl from the second half of the 2th century BC found in Porsuk (Southern Cappadocia) represents Odysseus offering a cup of wine to Polyphemos, surrounded by satyrs. It illustrates an episode of the only complete surviving satyric drama, The Cyclops of Euripides. Manufactured in the workshops of Antioch-on-the-Orontes, this literary bowl is exceptional on more than one count, since it reveals contacts between Northern Syria and the Anatolian plateau. It also vouches for the survival of Classical Athenian drama in the Hellenized Eastern world.
786 0# - DATA SOURCE ENTRY
Note Revue archéologique | 47 | 1 | 2009-09-10 | p. 81s-148s | 0035-0737
856 41 - ELECTRONIC LOCATION AND ACCESS
Uniform Resource Identifier <a href="https://shs.cairn.info/revue-archeologique-2009-1-page-81s?lang=fr&redirect-ssocas=7080">https://shs.cairn.info/revue-archeologique-2009-1-page-81s?lang=fr&redirect-ssocas=7080</a>

Pas d'exemplaire disponible.

PLUDOC

PLUDOC est la plateforme unique et centralisée de gestion des bibliothèques physiques et numériques de Guinée administré par le CEDUST. Elle est la plus grande base de données de ressources documentaires pour les Étudiants, Enseignants chercheurs et Chercheurs de Guinée.

Adresse

627 919 101/664 919 101

25 boulevard du commerce
Kaloum, Conakry, Guinée

Réseaux sociaux

Powered by Netsen Group @ 2025